Essais de Montaigne, suivis de sa correspondance et de La Servitude volontaire d'Estienne de La Boëtie. (Record no. 159997)
[ view plain ]
| 000 -LEADER | |
|---|---|
| campo de control de longitud fija | 01120nam a22002655i 4500 |
| 001 - NÚMERO DE CONTROL | |
| campo de control | 159997 |
| 003 - IDENTIFICADOR DE NÚMERO DE CONTROL | |
| campo de control | ES-MaACL |
| 005 - FECHA Y HORA DE LA ÚLTIMA TRANSACCIÓN | |
| campo de control | 20251013215512.0 |
| 008 - DATOS DE LONGITUD FIJA--INFORMACIÓN GENERAL | |
| campo de control de longitud fija | 040915s1862 fr |||| | fre d |
| 040 ## - FUENTE DE CATALOGACIÓN | |
| Centro catalogador/agencia de origen | CAM |
| Lengua de catalogación | spa |
| Centro/agencia transcriptor | CAM |
| 080 ## - NÚMERO DE LA CLASIFICACIÓN DECIMAL UNIVERSAL | |
| Número de la Clasificación Decimal Universal | 17.021.2(02)"15" |
| 080 ## - NÚMERO DE LA CLASIFICACIÓN DECIMAL UNIVERSAL | |
| Número de la Clasificación Decimal Universal | 321.01(02)"15" |
| 100 1# - ENTRADA PRINCIPAL--NOMBRE DE PERSONA | |
| Nombre de persona | Montaigne, Michel de, |
| Fechas asociadas al nombre | 1533-1592 |
| 9 (RLIN) | 82329 |
| 245 10 - MENCIÓN DEL TÍTULO | |
| Título | Essais de Montaigne, suivis de sa correspondance et de La Servitude volontaire d'Estienne de La Boëtie. |
| 250 ## - MENCION DE EDICION | |
| Mención de edición | Édition "variorum", accompagnée d'une notice biographique, de notes historiques, philologiques, etc., et d'un index analytique par Charles Louandre. |
| 260 ## - PUBLICACIÓN, DISTRIBUCIÓN, ETC. | |
| Lugar de publicación, distribución, etc. | Paris : |
| Nombre del editor, distribuidor, etc. | G. Charpentier, |
| Fecha de publicación, distribución, etc. | [1862?] ( |
| Lugar de fabricación/manufactura | Evreux : |
| Fabricante | Stéréotype de Charles Hérissey) |
| 300 ## - DESCRIPCIÓN FÍSICA | |
| Extensión | 4 v. (XLII, 441; 552; 518; 506 p.) ; |
| Dimensiones | 18 cm. |
| 650 #4 - PUNTO DE ACCESO ADICIONAL DE MATERIA--TÉRMINO DE MATERIA | |
| Término de materia o nombre geográfico como elemento de entrada | Libertad- |
| Subdivisión de forma | Obras anteriores a 1800. |
| 9 (RLIN) | 149344 |
| 700 1# - ENTRADA AGREGADA--NOMBRE PERSONAL | |
| Nombre de persona | Louandre, Charles. |
| 9 (RLIN) | 74310 |
| 700 1# - ENTRADA AGREGADA--NOMBRE PERSONAL | |
| Nombre de persona | La Boétie, Étienne de, |
| Fechas asociadas al nombre | 1530-1563 |
| 9 (RLIN) | 69132 |
| 740 0# - ENTRADA AGREGADA--TÍTULO RELACIONADO/ANALÍTICO NO CONTROLADO | |
| Título relacionado o analítico no controlado | De la servitude volontaire ou Contr'un. |
| 740 0# - ENTRADA AGREGADA--TÍTULO RELACIONADO/ANALÍTICO NO CONTROLADO | |
| Título relacionado o analítico no controlado | Contr'un. |
| 852 ## - LOCALIZACIÓN | |
| Ubicación | ES-MaACL |
| Número de control de estantería | D-2704-07 |
| Nota libre | -- Enc. hol. |
| Estatus retirado | Estado de pérdida | Estado de daño | No para préstamo | Colección | Biblioteca de origen | Biblioteca actual | Ubicación en estantería | Fecha de adquisición | Total de préstamos | Signatura topográfica completa | Código de barras | Visto por última vez | Precio de reemplazo | Tipo de ítem Koha |
|---|---|---|---|---|---|---|---|---|---|---|---|---|---|---|
| Libros del s. XIX | Biblioteca del Ateneo de Madrid | Biblioteca del Ateneo de Madrid | Sala Valle Inclán | 17/01/2008 | D-2704-07 | 901167502 | 23/02/2023 | 23/02/2023 | Libro impreso antiguo |
